| 000 | 00756cam a22002531 4500 | ||
|---|---|---|---|
| 001 | 21208 | ||
| 003 | BD-RjUL | ||
| 005 | 20211209000648.0 | ||
| 008 | 140303r19561949enk 000 0 eng d | ||
| 035 | _a(BD-RjUL)21272 | ||
| 035 | _a(OCoLC)1289639 | ||
| 040 |
_aDLC _cFO _dOCoLC _dDLC _dBD-RjUL _beng |
||
| 041 | _aeng | ||
| 082 | 0 | 0 |
_a821.08 _bLON 1956 |
| 245 | 1 | 4 |
_aThe London book of English verse / _cselected by Herbert Read and Bonamy Dobrée. |
| 260 |
_aLondon : _bEyre & Spottiswoode, _c1949. [Reprinted 1956] |
||
| 300 |
_axxxv, 874 p. ; _c19cm. |
||
| 650 | 0 |
_aEnglish poetry. _965561 |
|
| 700 | 1 |
_aDobrée, Bonamy, _d1891-1974. _965562 |
|
| 700 | 1 |
_aRead, Herbert, _94403 |
|
| 942 |
_2ddc _cBK |
||
| 999 |
_c21208 _d21208 |
||